| 000 | 00742nam a2200229 a 4500 | ||
|---|---|---|---|
| 001 | 13753 | ||
| 003 | BD-JhCC | ||
| 005 | 20240321103707.0 | ||
| 008 | 240321b20132016b |||| ||a| 000 0 b d | ||
| 020 | _a9849007896X | ||
| 035 | _a(BD-JhCC)13753 | ||
| 040 |
_aBD-JhCC _dBD-JhCC |
||
| 041 | _aben | ||
| 082 |
_a782.543 _bHOS 2016 |
||
| 100 | _a হোসেন, ড. মোহাম্মদ আখতার | ||
| 245 |
_aলালন ও পাগলাকানাই এর স্থান / _bড. মোহাম্মদ আখতার হোসেন |
||
| 260 |
_aঢাকা: _bসুচয়নী পাবলিশার্স; _c2016. |
||
| 300 |
_a336 p. : _c22 cm. |
||
| 650 | _aSong | ||
| 942 |
_2ddc _cBK |
||
| 999 |
_c13753 _d13753 |
||